European Physical Geography by Picture - Statistics

General Stats
  • This quiz has been taken 567 times
    72 since last reset
  • The average score is 12 of 18
Answer Stats
Picture Hint Answer % Correct
island Ireland
94%
type of sea inlet Fjord
89%
body of water English Channel
87%
body of water (in blue) Adriatic Sea
86%
island Crete
86%
river Danube
86%
mountain Rock of {Gibraltar}
83%
mountain Matterhorn
80%
peninsula Crimea
70%
landform {White} {Cliffs} of Dover
69%
archipelago {Faroe} Islands
67%
mountain range Carpathians
64%
coastline French Riviera
46%
headland {North} Cape
44%
region Provence
44%
mountain range (within the Alps) Dolomites
43%
mountain Mount Vesuvius
34%
ridge {Mid}-{Atlantic} Ridge
16%
No matching quizzes found
Score Distribution
Percent of People with Each Score
Percentile by Number Answered
Your Score History
You have not taken this quiz since the last reset